000 00675cam a22002413a 4500
001 19510
003 PGUSA
005 20140828083420.0
008 061009s2006||||xxu|||||s|||||000 1 eng d
040 _aPGUSA
_beng
042 _adc
050 4 _aPS
100 1 _aSinclair, Bertrand W.,
_d1881-1972
245 1 0 _aNorth of Fifty-Three
_h[electronic resource] /
_cBertrand W. Sinclair
260 _bProject Gutenberg,
_c2006
506 _aPublic domain in the USA.
516 _aElectronic text
653 _aFiction
700 1 _aFischer, Anton Otto,
_d1882-1962
830 0 _aProject Gutenberg
_v19510
856 4 0 _uhttp://www.gutenberg.org/ebooks/19510
942 _cEB
999 _c248765
_d248765